The Nigeria valuation standards (The Green Book) (Record no. 36075)

MARC details
000 -LEADER
fixed length control field 00498nam a2200169Ia 4500
020 ## - INTERNATIONAL STANDARD BOOK NUMBER
ISBN 9789789645305
050 ## - CALL MARK
Classification number HD 1021.A1.N54/
245 #4 - TITLE STATEMENT
Title The Nigeria valuation standards (The Green Book)
260 ## - PUBLICATION, DISTRIBUTION, ETC. (IMPRINT)
Place of publication Lagos, Nigeria
260 ## - PUBLICATION, DISTRIBUTION, ETC. (IMPRINT)
Name of publisher Estate surveyors and valuers
260 ## - PUBLICATION, DISTRIBUTION, ETC. (IMPRINT)
Year of publication 2019
300 ## - PHYSICAL DESCRIPTION
Number of Pages 154 p
650 ## - SUBJECT ADDED ENTRY--TOPICAL TERM
Topical Term Land use--Nigeria--Periodicals. Real estate management--Nigeria--Periodicals.
942 ## - ADDED ENTRY ELEMENTS (KOHA)
Koha item type Books
Holdings
Withdrawn status Lost status Source of classification or shelving scheme Damaged status Not for loan Permanent Location Current Location Shelving location Date acquired Accession Number Price effective from Koha item type
    Library of Congress Classification     NILE UNIVERSITY OF NIGERIA - MAIN LIBRARY NILE UNIVERSITY OF NIGERIA - MAIN LIBRARY Items on shelf 04/23/2025 0193021 04/23/2025 Books